Catálogo
 En Linea

Apuntes históricos sobre Dajabón / (Registro nro. 58703)

Detalles MARC
000 -CABECERA
campo de control de longitud fija 02031nam a2200277 i 4500
003 - IDENTIFICADOR DEL NÚMERO DE CONTROL
campo de control DO-SdBNP
005 - FECHA Y HORA DE LA ÚLTIMA TRANSACCIÓN
campo de control 20250728100038.0
007 - CAMPO FIJO DE DESCRIPCIÓN FÍSICA--INFORMACIÓN GENERAL
campo de control de longitud fija ta
008 - DATOS DE LONGITUD FIJA--INFORMACIÓN GENERAL
campo de control de longitud fija 250717b2024 dr ao||| |||| 00| 0 spa d
020 ## - NÚMERO INTERNACIONAL ESTÁNDAR DEL LIBRO
Número Internacional Estándar del Libro 9789945800685
040 ## - FUENTE DE LA CATALOGACIÓN
Centro catalogador/agencia de origen DO-SdBNP
Lengua de catalogación spa
Centro/agencia transcriptor BNPHU
Normas de descripción rda
041 ## - CÓDIGO DE LENGUA
Código de lengua del texto/banda sonora o título independiente spa
082 #4 - NÚMERO DE LA CLASIFICACIÓN DECIMAL DEWEY
Número de clasificación xxx
Número de documento/Ítem T693a
Número de edición 22
100 1# - ENTRADA PRINCIPAL--NOMBRE DE PERSONA
Nombre de persona Torres Ulloa, Alfonso
Término indicativo de función/relación autor
Código de función/relación aut.
9 (RLIN) 58620
245 10 - MENCIÓN DE TÍTULO
Título Apuntes históricos sobre Dajabón /
Mención de responsabilidad, etc. Alfonso Torres Ulloa ; portada y diseño editorial por Jaime Meléndez Publicidad.
250 ## - MENCIÓN DE EDICIÓN
Mención de edición Primera edición
264 #4 - PRODUCCIÓN, PUBLICACIÓN, DISTRIBUCIÓN, FABRICACIÓN Y COPYRIGHT
Producción, publicación, distribución, fabricación y copyright Santo Domingo, República Dominicana :
Nombre del de productor, editor, distribuidor, fabricante Casa de Arte Dajabón,
-- Jaime Meléndez Publicidad,
Fecha de producción, publicación, distribución, fabricación o copyright ©2024.
300 ## - DESCRIPCIÓN FÍSICA
Extensión 162 páginas :
Otras características físicas ilustraciones, fotografías ;
Dimensiones 23 cm.
336 ## - TIPO DE CONTENIDO
Término de tipo de contenido texto
Código de tipo de contenido txt
Fuente rdacontent
337 ## - TIPO DE MEDIO
Nombre/término del tipo de medio sin mediación
Código del tipo de medio n
Fuente rdamedia
338 ## - TIPO DE SOPORTE
Nombre/término del tipo de soporte volumen
Código del tipo de soporte nc
Fuente rdacarrier
505 ## - NOTA DE CONTENIDO CON FORMATO
Nota de contenido con formato Introducción 9 -- Capítulo I. Antecedentes y Río Dajabón 13 -- 1.1. Antecedentes 13 -- 1.2. El nombre de Dajabón 17 -- 1.3. Río Dajabón 19 -- Capítulo II. Fundación e historia 25 -- 2.1. Fundación de Dajabón 25 -- 2.2. Historia y desarrollo de Dajabón 77 -- Capítulo III. Educación y desarrollo Dajabón 83 -- 3.1. Tradición de progreso y desarrollo de los dajaboneros 83 -- 3.2. La educación en Dajabón 87 -- 3.3. Papel misiones religiosas en la educación 95 -- 3.3.1. Colegio La Altagracia, 1943 97 -- 3.3.2.Fundación Colegio San Ignacio Loyola 101 -- 3.3.3. Colegio Evangélico Simón Bolívar 107 -- 3.3.4. Escuela José Ramón López 108 -- 3.3.5. La Cámara de Comercio 110 -- 3.3.6. Liceo Manuel Arturo Machado 111 -- 3.3.7. Academia de música 112--Capítulo IV. Provincia Dajabón -- 4.1. Fundación Barrio Mejoramiento Social 121 -- 4.2. Baden o policía acostado 123 -- 4.3. Luz permanente para Dajabón 124 -- 4.4. Presa de Don Miguel 125 -- 4.5. Desagüe de la ciudad, tres canales 128 -- 4.6. Historia del altar votivo de la República 133 -- 4.4. Anexos
590 ## - NOTA LOCAL (RLIN)
Nota local Inventariado, 2025 /LP
910 ## - DATOS DE OPCIÓN DEL USUARIO (OCLC)
Datos de opción del usuario LP
942 ## - ELEMENTOS DE PUNTO DE ACCESO ADICIONAL (KOHA)
Fuente del sistema de clasificación o colocación Dewey Decimal Classification
Tipo de ítem Koha Libro
Existencias
Estado de retiro Estado de pérdida Fuente del sistema de clasificación o colocación Restricciones de uso No para préstamo Código de colección Localización permanente Ubicación/localización actual Ubicación en estantería Fecha de adquisición Fuente de adquisición Total de préstamos Signatura topográfica completa Código de barras Fecha visto por última vez Precio válido a partir de Tipo de ítem Koha Número de copia
    Dewey Decimal Classification Excluido de préstamo   Patrimonio Dominicano Biblioteca Nacional Pedro Henríquez Ureña Biblioteca Nacional Pedro Henríquez Ureña Depósito 21.03.2025 Depósito Legal   xxx T693a 2025-3246 10.04.2025 10.04.2025 Libro  
    Dewey Decimal Classification Excluido de préstamo   Patrimonio Dominicano Biblioteca Nacional Pedro Henríquez Ureña Biblioteca Nacional Pedro Henríquez Ureña Depósito 04.04.2025 Depósito Legal   xxx T693a 2025-7453 28.07.2025 28.07.2025 Libro e.2

Con tecnología Koha